000
00258nam a2200109Ia 4500
008
190216s9999||||xx |||||||||||||| ||und||
100
_a
Dewett K K
245
0
_a
Macro Economic Theory
260
_b
Shyamlal Charitable Trust
650
_a
Economics
942
_c
BK
999
_c
9180
_d
9180